000 00669 a2200229 4500
005 20250107094909.0
020 _ano ISBN
050 _aJC578
_bENG 2018
110 _aInternational Commission for Jurists
245 _aEngaging Africa-based Human Rights Mechanism :
_bA handbook for NGOs and CSOs /
264 _aSwitzerland :
_bIntarnational Commission of Jurist,
_c2018
300 _a96 pages :
336 _2rdacontent
_atext
_btxt
337 _2rdamedia
_aunmediated
_bn
338 _2rdacarrier
_avolume
_bnc
500 _awith table of contents
504 _a.
505 _a.
520 _a.
650 _aHuman rights
942 _2lcc
_cSERIALS
_h578
_iENG
_kJC
999 _c7732
_d7732